Statistics for UEFA Women's Euro Champions

Click here to take the quiz!

General Stats

  • This quiz has been taken 41 times
  • The average score is 12 of 13

Answer Stats

HintAnswer% Correct
2022England
97%
1991Germany
97%
1995Germany
97%
1997Germany
97%
2001Germany
97%
2005Germany
97%
2009Germany
97%
2013Germany
97%
1987Norway
95%
1993Norway
95%
1984Sweden
95%
2017Netherlands
89%
1989West Germany
26%

Score Distribution

Percentile by Number Answered

Percent of People with Each Score

Your Score History

You have not taken this quiz